Fourth general elections; (Record no. 85734)

MARC details
000 -LEADER
fixed length control field 00930cam a2200229 4500
001 - CONTROL NUMBER
control field sa 68014375
003 - CONTROL NUMBER IDENTIFIER
control field DLC
005 - DATE AND TIME OF LATEST TRANSACTION
control field 20260227112631.0
008 - FIXED-LENGTH DATA ELEMENTS--GENERAL INFORMATION
fixed length control field 700211s1967 ii b s 00000 eng
010 ## - LIBRARY OF CONGRESS CONTROL NUMBER
LC control number sa 68014375 //r84
025 ## - OVERSEAS ACQUISITION NUMBER
Overseas acquisition number PL480:I-E-11103
050 0# - LIBRARY OF CONGRESS CALL NUMBER
Classification number JQ294
Item number .F66
082 ## - DEWEY DECIMAL CLASSIFICATION NUMBER
Classification number 324/.2021/54
245 00 - TITLE STATEMENT
Title Fourth general elections;
Remainder of title an analysis.
260 0# - PUBLICATION, DISTRIBUTION, ETC.
Place of publication, distribution, etc. [New Delhi]
Name of publisher, distributor, etc. Ministry of Information and Broadcasting, Govt. of India
Date of publication, distribution, etc. [1967 or 8]
300 ## - PHYSICAL DESCRIPTION
Extent 297 p.
Other physical details maps (1 fold. col. in pocket)
Dimensions 30 cm.
350 ## - PRICE (NR) (BK AM CF MU VM SE) [OBSOLETE]
Price 30.00
500 ## - GENERAL NOTE
General note "This analysis [is] being published by the Directorate of Advertising and Visual Publicity in collaboration with the Office of the Registrar General, India, which prepared all material."
650 #0 - SUBJECT ADDED ENTRY--TOPICAL TERM
Topical term or geographic name entry element Elections
Geographic subdivision India
General subdivision Statistics.
710 10 - ADDED ENTRY--CORPORATE NAME
Corporate name or jurisdiction name as entry element India.
Subordinate unit Office of the Registrar General.
710 10 - ADDED ENTRY--CORPORATE NAME
Corporate name or jurisdiction name as entry element India (Republic).
Subordinate unit Directorate of Advertising and Visual Publicity.

No items available.

Powered by Koha